[Event "Budapest Spring Festival 2019"]
[Site "Budapest"]
[Date "2019.04.11"]
[Round "3.25"]
[White "Asadli, Vugar"]
[Black "Wong, Jianwen"]
[Result "1-0"]
[WhiteElo "2454"]
[BlackElo "2185"]
[Annotator "ChessBase"]
[PlyCount "113"]
[EventDate "2019.04.09"]
[EventType "swiss"]
[EventCountry "HUN"]
[SourceTitle "playchess.com"]
[Source "ChessBase"]
[SourceQuality "1"]
[TimeControl "40/5400+30:1800+30"]

1. e4 {[%emt 0:00:02]} d5 {[%emt 0:00:03]} 2. exd5 {[%emt 0:00:05]} Qxd5 {[%emt 0:00:03]} 3. Nc3 {[%emt 0:00:07]} Qd8 {[%emt 0:00:04]} 4. d4 {[%emt 0:00:40]} Nf6 {[%emt 0:00:18]} 5. Nf3 {[%emt 0:01:40]} Bg4 {[%emt 0:00:09]} 6. h3 {[%emt 0:01:27]} Bxf3 {[%emt 0:00:06]} 7. Qxf3 {[%emt 0:00:05]} c6 {[%emt 0:00:03]} 8. Be3 {[%emt 0:04:18]} e6 {[%emt 0:00:44]} 9. O-O-O {[%emt 0:00:39]} Bb4 {[%emt 0:03:13]} 10. Ne4 {[%emt 0:06:28]} Nxe4 {[%emt 0:01:26]} 11. Qxe4 {[%emt 0:00:04]} Qd5 {[%emt 0:00:08]} 12. Qxd5 {[%emt 0:00:17]} cxd5 {[%emt 0:00:24]} 13. h4 {[%emt 0:02:12]} h5 {[%emt 0:15:49]} 14. Kb1 {[%emt 0:02:37]} Nd7 {[%emt 0:04:43]} 15. Bd3 {[%emt 0:06:55]} Nf6 {[%emt 0:02:55]} 16. f3 {[%emt 0:00:04]} O-O-O {[%emt 0:06:09]} 17. c3 {[%emt 0:08:21]} Be7 {[%emt 0:02:16]} 18. b3 {[%emt 0:02:16]} Kb8 {[%emt 0:14:17]} 19. Rhe1 {[%emt 0:07:06]} Ne8 {[%emt 0:01:37]} 20. Bf2 {[%emt 0:00:44]} Bf6 {[%emt 0:01:34]} 21. Kc2 {[%emt 0:07:34]} g6 {[%emt 0:12:35]} 22. Rh1 {[%emt 0:09:05]} Nd6 {[%emt 0:05:20]} 23. g4 {[%emt 0:00:04]} Rc8 {[%emt 0:07:46]} 24. Bg3 {[%emt 0:02:52]} Rhd8 {[%emt 0:00:55]} 25. Kd2 {[%emt 0:04:34]} Ka8 {[%emt 0:00:35]} 26. Rc1 {[%emt 0:04:04]} Rc6 {[%emt 0:00:28]} 27. Ke3 {[%emt 0:02:40]} Rdc8 {[%emt 0:00:47]} 28. Rh2 {[%emt 0:00:14]} Bg7 {[%emt 0:03:38]} 29. Rhc2 {[%emt 0:01:32]} Rd8 {[%emt 0:05:02]} 30. Rg1 {[%emt 0:02:23]} Bf6 {[%emt 0:00:25]} 31. Be5 {[%emt 0:01:47]} Be7 {[%emt 0:02:05]} 32. c4 {[%emt 0:03:44]} dxc4 {[%emt 0:04:28]} 33. bxc4 {[%emt 0:00:04]} f6 {[%emt 0:01:09]} 34. Bg3 {[%emt 0:00:11]} f5 {[%emt 0:00:50]} 35. g5 {[%emt 0:04:35]} Nf7 {[%emt 0:01:23]} 36. Rd1 {[%emt 0:01:00]} Bd6 {[%emt 0:00:32]} 37. f4 {[%emt 0:00:05]} b6 {[%emt 0:00:41]} 38. Bf2 {[%emt 0:00:57]} Bf8 {[%emt 0:01:07]} 39. Kf3 {[%emt 0:02:00]} Rcd6 {[%emt 0:01:58]} 40. Rcd2 {[%emt 0:00:00]} Bg7 {[%emt 0:00:00]} 41. c5 {[%emt 0:04:52]} bxc5 {[%emt 0:02:57]} 42. dxc5 {[%emt 0:00:03]} Rd5 {[%emt 0:00:46]} 43. Ke2 {[%emt 0:02:03]} Bc3 {[%emt 0:01:39]} 44. Rc2 {[%emt 0:00:04]} Ba5 {[%emt 0:00:17]} 45. Rcc1 {[%emt 0:00:47]} Bc7 {[%emt 0:10:53]} 46. Be3 {[%emt 0:15:59]} e5 {[%emt 0:04:11]} 47. Rb1 {[%emt 0:00:42]} exf4 {[%emt 0:04:57]} 48. Bb5 {[%emt 0:00:32]} f3+ {[%emt 0:03:04]} 49. Kf2 {[%emt 0:00:00]} Ne5 {[%emt 0:00:18]} 50. Rxd5 {[%emt 0:00:07]} Rxd5 {[%emt 0:00:11]} 51. Ba6 {[%emt 0:00:04]} Rd8 {[%emt 0:04:22]} 52. Bb7+ {[%emt 0:00:59]} Kb8 {[%emt 0:00:00]} 53. Bd5+ {[%emt 0:00:08]} Bb6 {[%emt 0:00:34]} 54. Bxf3 {[%emt 0:01:10]} Nd3+ {[%emt 0:00:42]} 55. Kg3 {[%emt 0:00:12]} Re8 {[%emt 0:01:55]} 56. Bf4+ {[%emt 0:00:51]} Nxf4 {[%emt 0:00:39]} 57. Kxf4 {[%emt 0:00:06]} 1-0

[Event "Budapest Spring Festival 2019"]
[Site "Budapest"]
[Date "2019.04.11"]
[Round "3.26"]
[White "Taylor, Adam C"]
[Black "Pasztor, Balazs"]
[Result "0-1"]
[WhiteElo "2398"]
[BlackElo "2139"]
[Annotator "NA"]
[PlyCount "86"]
[EventDate "2019.04.09"]
[EventType "swiss"]
[EventCountry "HUN"]
[SourceTitle "playchess.com"]
[Source "ChessBase"]
[SourceQuality "1"]
[TimeControl "40/5400+30:1800+30"]

1. g3 {[%emt 0:00:03]} d5 {[%emt 0:00:31]} 2. Nf3 {[%emt 0:00:05]} Nf6 {[%emt 0:00:17]} 3. Bg2 {[%emt 0:00:05]} c6 {[%emt 0:00:20]} 4. O-O {[%emt 0:00:11]} Bf5 {[%emt 0:00:34]} 5. d3 {[%emt 0:01:35]} h6 {[%emt 0:00:58]} 6. c4 {[%emt 0:05:39]} e6 {[%emt 0:03:43]} 7. cxd5 {[%emt 0:01:54]} exd5 {[%emt 0:02:52]} 8. Nc3 {[%emt 0:00:27]} Be7 {[%emt 0:03:45]} 9. Nd4 {[%emt 0:12:39]} Bh7 {[%emt 0:05:03]} 10. e4 {[%emt 0:00:11]} O-O {[%emt 0:02:13]} 11. exd5 {[%emt 0:01:17]} Nxd5 {[%emt 0:04:06]} 12. Nxd5 {[%emt 0:04:43]} cxd5 {[%emt 0:00:25]} 13. Qg4 {[%emt 0:08:12]} Bf6 {[%emt 0:08:20]} 14. Nf5 {[%emt 0:00:51]} Bg6 {[%emt 0:03:49]} 15. Ne3 {[%emt 0:00:14]} d4 {[%emt 0:17:44]} 16. Bxb7 {[%emt 0:16:38]} Nd7 {[%emt 0:00:41]} 17. Nd5 {[%emt 0:02:20]} Rb8 {[%emt 0:06:37]} 18. Nxf6+ {[%emt 0:04:25]} Nxf6 {[%emt 0:01:30]} 19. Qf3 {[%emt 0:00:06]} Qb6 {[%emt 0:11:28]} 20. Bc6 {[%emt 0:07:56]} Rbc8 {[%emt 0:02:34]} 21. Ba4 {[%emt 0:00:15]} Bh5 {[%emt 0:05:18]} 22. Qg2 {[%emt 0:00:41]} Be2 {[%emt 0:00:24]} 23. Re1 {[%emt 0:00:03]} Bxd3 {[%emt 0:00:16]} 24. b3 {[%emt 0:01:09]} Qc5 {[%emt 0:04:47]} 25. Bd2 {[%emt 0:04:57]} Qf5 {[%emt 0:02:02]} 26. Bb4 {[%emt 0:02:01]} Be4 {[%emt 0:02:14]} 27. Rxe4 {[%emt 0:01:05]} Nxe4 {[%emt 0:00:27]} 28. Bxf8 {[%emt 0:00:12]} Kxf8 {[%emt 0:01:40]} 29. Bd7 {[%emt 0:01:34]} Qxd7 {[%emt 0:00:24]} 30. Qxe4 {[%emt 0:00:05]} Re8 {[%emt 0:02:02]} 31. Qh7 {[%emt 0:03:37]} f5 {[%emt 0:01:35]} 32. Rc1 {[%emt 0:02:11]} Kf7 {[%emt 0:02:19]} 33. h4 {[%emt 0:03:31]} Rc8 {[%emt 0:01:24]} 34. Rd1 {[%emt 0:01:30]} Rc6 {[%emt 0:01:02]} 35. Qh8 {[%emt 0:14:24]} Rc8 {[%emt 0:00:10]} 36. Qh7 {[%emt 0:00:04]} d3 {[%emt 0:00:41]} 37. g4 {[%emt 0:00:16]} d2 {[%emt 0:02:04]} 38. gxf5 {[%emt 0:01:07]} Rc6 {[%emt 0:01:36]} 39. h5 {[%emt 0:00:41]} Qd3 {[%emt 0:00:49]} 40. Kg2 {[%emt 0:00:00]} Qe4+ {[%emt 0:00:00]} 41. Kf1 {[%emt 0:04:28]} Rc1 {[%emt 0:07:50]} 42. Qg6+ {[%emt 0:00:34]} Kg8 {[%emt 0:00:13]} 43. f6 {[%emt 0:00:38]} Rxd1# {[%emt 0:00:09]} 0-1

[Event "Budapest Spring Festival 2019"]
[Site "Budapest"]
[Date "2019.04.11"]
[Round "3.27"]
[White "Borhy, Marcell"]
[Black "Nguyen, Van Thanh"]
[Result "1-0"]
[WhiteElo "2237"]
[BlackElo "2391"]
[Annotator "NA"]
[PlyCount "71"]
[EventDate "2019.04.09"]
[EventType "swiss"]
[EventCountry "HUN"]
[SourceTitle "playchess.com"]
[Source "ChessBase"]
[SourceQuality "1"]
[TimeControl "40/5400+30:1800+30"]

1. d4 {[%emt 0:00:03]} d5 {[%emt 0:00:14]} 2. c4 {[%emt 0:00:30]} dxc4 {[%emt 0:00:12]} 3. Nf3 {[%emt 0:00:08]} Nf6 {[%emt 0:00:13]} 4. e3 {[%emt 0:00:19]} e6 {[%emt 0:00:11]} 5. Bxc4 {[%emt 0:00:16]} a6 {[%emt 0:00:15]} 6. a4 {[%emt 0:00:24]} c5 {[%emt 0:00:16]} 7. O-O {[%emt 0:00:16]} Nc6 {[%emt 0:00:16]} 8. Qe2 {[%emt 0:00:38]} Be7 {[%emt 0:00:27]} 9. Rd1 {[%emt 0:00:23]} Qc7 {[%emt 0:00:19]} 10. Nc3 {[%emt 0:01:40]} O-O {[%emt 0:01:11]} 11. h3 {[%emt 0:01:37]} Re8 {[%emt 0:00:18]} 12. dxc5 {[%emt 0:01:49]} Bxc5 {[%emt 0:01:18]} 13. e4 {[%emt 0:00:32]} Nd7 {[%emt 0:08:36]} 14. Be3 {[%emt 0:07:16]} Bxe3 {[%emt 0:13:21]} 15. Qxe3 {[%emt 0:00:36]} Nde5 {[%emt 0:04:04]} 16. Nxe5 {[%emt 0:06:28]} Nxe5 {[%emt 0:01:18]} 17. Be2 {[%emt 0:02:51]} Bd7 {[%emt 0:04:09]} 18. Rac1 {[%emt 0:03:14]} Bc6 {[%emt 0:07:13]} 19. b4 {[%emt 0:07:50]} Red8 {[%emt 0:01:39]} 20. b5 {[%emt 0:06:08]} axb5 {[%emt 0:00:11]} 21. axb5 {[%emt 0:00:05]} Be8 {[%emt 0:00:50]} 22. Nd5 {[%emt 0:08:58]} Qa5 {[%emt 0:02:11]} 23. Nb6 {[%emt 0:06:53]} Rab8 {[%emt 0:03:19]} 24. Qc5 {[%emt 0:01:55]} f6 {[%emt 0:00:29]} 25. Kh2 {[%emt 0:11:17]} Rxd1 {[%emt 0:10:21]} 26. Rxd1 {[%emt 0:00:14]} Nc6 {[%emt 0:01:12]} 27. Rc1 {[%emt 0:07:42]} Rd8 {[%emt 0:03:24]} 28. bxc6 {[%emt 0:00:33]} Qxc5 {[%emt 0:00:09]} 29. Rxc5 {[%emt 0:00:03]} Bxc6 {[%emt 0:00:09]} 30. f3 {[%emt 0:00:31]} Rd2 {[%emt 0:01:00]} 31. Bb5 {[%emt 0:01:03]} Rb2 {[%emt 0:00:13]} 32. Bxc6 {[%emt 0:00:08]} Rxb6 {[%emt 0:00:07]} 33. Ba4 {[%emt 0:00:29]} Rb4 {[%emt 0:00:10]} 34. Bd7 {[%emt 0:00:32]} Kf7 {[%emt 0:00:10]} 35. Rc7 {[%emt 0:00:58]} Ke7 {[%emt 0:00:15]} 36. Bc8+ {[%emt 0:03:34]} 1-0

[Event "Budapest Spring Festival 2019"]
[Site "Budapest"]
[Date "2019.04.11"]
[Round "3.28"]
[White "Ashwath, R.."]
[Black "Jijo Joy"]
[Result "1-0"]
[WhiteElo "2388"]
[BlackElo "2018"]
[Annotator "NA"]
[PlyCount "95"]
[EventDate "2019.04.09"]
[EventType "swiss"]
[EventCountry "HUN"]
[SourceTitle "playchess.com"]
[Source "ChessBase"]
[SourceQuality "1"]
[TimeControl "40/5400+30:1800+30"]

1. Nf3 {[%emt 0:00:58]} d5 {[%emt 0:00:21]} 2. d4 {[%emt 0:00:31]} Nf6 {[%emt 0:00:16]} 3. c4 {[%emt 0:00:45]} c6 {[%emt 0:00:22]} 4. Nbd2 {[%emt 0:00:52]} g6 {[%emt 0:06:10]} 5. e3 {[%emt 0:02:07]} Bg7 {[%emt 0:04:42]} 6. b3 {[%emt 0:00:14]} O-O {[%emt 0:02:28]} 7. Bb2 {[%emt 0:01:29]} Bf5 {[%emt 0:03:29]} 8. Nh4 {[%emt 0:08:30]} Bc8 {[%emt 0:04:27]} 9. Bd3 {[%emt 0:05:51]} e5 {[%emt 0:04:06]} 10. dxe5 {[%emt 0:03:49]} Ng4 {[%emt 0:00:28]} 11. Nhf3 {[%emt 0:08:32]} Nd7 {[%emt 0:00:56]} 12. cxd5 {[%emt 0:22:07]} Ndxe5 $15 {[%emt 0:01:18]} 13. Nxe5 {[%emt 0:06:24]} Nxe5 {[%emt 0:00:14]} 14. Bc4 {[%emt 0:11:01]} Qg5 {[%emt 0:22:18]} 15. O-O {[%emt 0:06:51]} Bh3 {[%emt 0:01:57]} 16. g3 {[%emt 0:00:16]} Nxc4 {[%emt 0:01:52]} 17. Nxc4 {[%emt 0:09:38]} Bxb2 {[%emt 0:01:20]} 18. Nxb2 {[%emt 0:00:06]} Bxf1 {[%emt 0:00:10]} 19. Kxf1 {[%emt 0:00:28]} Qxd5 {[%emt 0:00:26]} 20. Qxd5 {[%emt 0:00:10]} cxd5 {[%emt 0:00:04]} 21. Rd1 {[%emt 0:00:16]} Rfd8 {[%emt 0:00:54]} 22. Nd3 {[%emt 0:01:30]} Rac8 {[%emt 0:00:22]} 23. Rd2 {[%emt 0:00:55]} d4 {[%emt 0:01:51]} 24. e4 {[%emt 0:00:08]} Rd6 {[%emt 0:02:34]} 25. Nf4 {[%emt 0:01:03]} Rc1+ {[%emt 0:05:19]} 26. Kg2 {[%emt 0:01:31]} d3 {[%emt 0:01:35]} 27. Nd5 {[%emt 0:00:37]} Rc2 {[%emt 0:03:17]} 28. Rxd3 {[%emt 0:00:13]} Re6 {[%emt 0:00:23]} 29. a4 {[%emt 0:01:28]} Kg7 {[%emt 0:01:15]} 30. Kf3 {[%emt 0:01:48]} Rec6 {[%emt 0:05:06]} 31. g4 {[%emt 0:04:11]} Rb2 {[%emt 0:01:02]} 32. Kg3 {[%emt 0:00:59]} Rcc2 {[%emt 0:01:20]} 33. Rf3 {[%emt 0:00:02]} Re2 {[%emt 0:00:05]} 34. Nf6 {[%emt 0:00:18]} Red2 {[%emt 0:10:14]} 35. g5 {[%emt 0:00:49]} h6 {[%emt 0:00:58]} 36. Ne8+ {[%emt 0:00:31]} Kg8 {[%emt 0:04:03]} 37. Nf6+ {[%emt 0:00:04]} Kg7 {[%emt 0:00:05]} 38. Ne8+ {[%emt 0:00:02]} Kg8 {[%emt 0:00:07]} 39. gxh6 {[%emt 0:00:46]} Kh7 {[%emt 0:00:14]} 40. Rxf7+ {[%emt 0:00:00]} Kxh6 {[%emt 0:00:00]} 41. h4 {[%emt 0:08:15]} Rxb3+ {[%emt 0:01:47]} 42. Kg4 {[%emt 0:05:41]} Rd1 {[%emt 0:01:26]} 43. Nf6 {[%emt 0:01:45]} Rg1+ {[%emt 0:00:09]} 44. Kf4 {[%emt 0:00:08]} g5+ {[%emt 0:00:06]} 45. Ke5 {[%emt 0:05:37]} gxh4 {[%emt 0:03:12]} 46. Rh7+ {[%emt 0:00:26]} Kg6 {[%emt 0:00:19]} 47. f4 {[%emt 0:00:16]} Rg5+ {[%emt 0:03:40]} 48. f5+ {[%emt 0:00:32]} 1-0

[Event "Budapest Spring Festival 2019"]
[Site "Budapest"]
[Date "2019.04.11"]
[Round "3.29"]
[White "Torok, Sandor"]
[Black "Ter-Sahakyan, Samvel"]
[Result "0-1"]
[WhiteElo "2273"]
[BlackElo "2601"]
[Annotator "RC"]
[PlyCount "114"]
[EventDate "2019.04.09"]
[EventType "swiss"]
[EventCountry "HUN"]
[SourceTitle "playchess.com"]
[Source "ChessBase"]
[SourceQuality "1"]
[TimeControl "40/5400+30:1800+30"]

1. e4 {[%emt 0:00:42]} e5 {[%emt 0:00:16]} 2. Nf3 {[%emt 0:00:05]} Nc6 {[%emt 0:00:04]} 3. Nc3 {[%emt 0:00:06]} Nf6 {[%emt 0:00:41]} 4. d4 {[%emt 0:00:50]} Bb4 {[%emt 0:01:49]} 5. Nxe5 {[%emt 0:06:21]} O-O {[%emt 0:00:13]} 6. Bd3 {[%emt 0:47:07]} Nxd4 {[%emt 0:05:54]} 7. O-O {[%emt 0:00:44]} d6 {[%emt 0:05:04]} 8. Nc4 {[%emt 0:05:57]} Bxc3 {[%emt 0:14:56]} 9. bxc3 {[%emt 0:00:04]} Ne6 {[%emt 0:00:05]} 10. e5 {[%emt 0:02:28]} dxe5 {[%emt 0:04:55]} 11. Nxe5 {[%emt 0:00:03]} Qd6 {[%emt 0:05:03]} 12. Re1 {[%emt 0:01:15]} Re8 {[%emt 0:22:47]} 13. Qf3 {[%emt 0:09:06]} Nc5 {[%emt 0:00:35]} 14. Bf4 {[%emt 0:00:09]} Nxd3 {[%emt 0:01:16]} 15. Nxd3 {[%emt 0:04:39]} Qb6 {[%emt 0:12:54]} 16. Be5 {[%emt 0:00:30]} Bg4 {[%emt 0:01:51]} 17. Qg3 {[%emt 0:01:08]} Bf5 {[%emt 0:00:30]} 18. Bxc7 {[%emt 0:04:25]} Qc6 {[%emt 0:00:37]} 19. Be5 {[%emt 0:00:36]} Bg6 {[%emt 0:00:15]} 20. Bxf6 {[%emt 0:00:50]} Qxf6 {[%emt 0:00:22]} 21. Qc7 {[%emt 0:02:26]} h6 {[%emt 0:01:24]} 22. Rab1 {[%emt 0:00:46]} Be4 {[%emt 0:03:27]} 23. f3 {[%emt 0:03:49]} Bc6 {[%emt 0:01:59]} 24. Re5 {[%emt 0:01:05]} Qg6 {[%emt 0:07:39]} 25. Kf2 {[%emt 0:02:40]} Rxe5 {[%emt 0:02:15]} 26. Qxe5 {[%emt 0:00:04]} Re8 {[%emt 0:00:09]} 27. Qd4 {[%emt 0:00:09]} Qe6 {[%emt 0:01:59]} 28. Re1 {[%emt 0:01:38]} Qxa2 {[%emt 0:01:04]} 29. Nb4 {[%emt 0:00:37]} Qa4 {[%emt 0:00:30]} 30. Nxc6 {[%emt 0:00:25]} Qxc2+ {[%emt 0:00:35]} 31. Kf1 {[%emt 0:00:04]} Rxe1+ {[%emt 0:00:06]} 32. Kxe1 {[%emt 0:00:03]} bxc6 {[%emt 0:00:25]} 33. Qxa7 {[%emt 0:00:05]} Qxc3+ {[%emt 0:00:36]} 34. Kf2 {[%emt 0:00:09]} Qc2+ {[%emt 0:01:34]} 35. Kf1 {[%emt 0:01:29]} Qc4+ {[%emt 0:02:12]} 36. Kf2 {[%emt 0:00:09]} c5 {[%emt 0:00:08]} 37. Qa8+ {[%emt 0:01:00]} Kh7 {[%emt 0:00:05]} 38. Qf8 {[%emt 0:00:05]} Qd5 {[%emt 0:00:53]} 39. Qe7 {[%emt 0:03:19]} g6 {[%emt 0:01:46]} 40. Qf6 {[%emt 0:00:00]} Kg8 {[%emt 0:00:00]} 41. Qc3 {[%emt 0:16:39]} h5 {[%emt 0:01:31]} 42. h4 {[%emt 0:00:50]} Kf8 {[%emt 0:00:57]} 43. g3 {[%emt 0:06:43]} Ke7 {[%emt 0:00:45]} 44. Qa3 {[%emt 0:00:34]} Kf6 {[%emt 0:04:46]} 45. Ke3 {[%emt 0:01:33]} Qd4+ {[%emt 0:02:51]} 46. Ke2 {[%emt 0:00:03]} c4 {[%emt 0:01:21]} 47. Qa6+ {[%emt 0:02:26]} Kg7 {[%emt 0:01:22]} 48. Qa3 {[%emt 0:00:07]} c3 {[%emt 0:05:27]} 49. Qc1 {[%emt 0:02:21]} Qc4+ {[%emt 0:00:25]} 50. Ke3 {[%emt 0:00:25]} Qb3 {[%emt 0:00:58]} 51. Kd3 {[%emt 0:01:30]} c2+ {[%emt 0:00:46]} 52. Ke2 {[%emt 0:02:53]} Qc3 {[%emt 0:01:03]} 53. g4 {[%emt 0:00:13]} Qc4+ {[%emt 0:07:07]} 54. Ke3 {[%emt 0:01:43]} Qb3+ {[%emt 0:01:03]} 55. Ke2 {[%emt 0:00:20]} Qb1 {[%emt 0:00:54]} 56. Kd2 {[%emt 0:00:21]} Qxc1+ {[%emt 0:00:30]} 57. Kxc1 {[%emt 0:00:04]} g5 {[%emt 0:00:16]} 0-1

[Event "Budapest Spring Festival 2019"]
[Site "Budapest"]
[Date "2019.04.11"]
[Round "3.30"]
[White "Zentai, Peter"]
[Black "Sedlak, Nikola"]
[Result "0-1"]
[WhiteElo "2263"]
[BlackElo "2598"]
[Annotator "TA"]
[PlyCount "52"]
[EventDate "2019.04.09"]
[EventType "swiss"]
[EventCountry "HUN"]
[SourceTitle "playchess.com"]
[Source "ChessBase"]
[SourceQuality "1"]

{[%evp 18,52,16,10,9,22,46,36,50,22,29,28,25,12,14,0,10,10,13,-8,0,0,0,0,0,-25,-27,-123,-37,-254,-254,-275,-255,-353,-340,-302,-292]} 1. d4 e6 2. c4 f5 3. Nc3 Nf6 4. Nf3 Bb4 5. Bd2 O-O 6. g3 d6 {A85: Dutch Defence: 2 c4 Nf6 3 Nc3} 7. Bg2 Bxc3 8. Bxc3 Ne4 9. Rc1 Nd7 10. O-O {LiveBook: 4 Games} b6 11. Nd2 $146 ({Predecessor:} 11. b4 a5 12. a3 axb4 13. axb4 Bb7 14. Bb2 {0-1 (49) Volke,K (2490)-Sedlak,N (2575) Dresden 2007}) 11... Bb7 12. Nxe4 Bxe4 13. Bxe4 (13. f3 {feels hotter.} Bb7 14. b4 Qe7 15. Qd2 Rae8 16. e4) 13... fxe4 14. Qc2 Nf6 15. Bd2 h6 16. c5 bxc5 17. dxc5 d5 {[%cal Bd6d5,Bd5d4,Bd4d3,Bd3d2][%mdl 32]} 18. Bf4 Ng4 {[#] ...Rxf4! is the strong threat.} 19. Qc3 d4 20. Qb3 Kh8 {Hoping for ...d3.} 21. f3 e5 {White must now prevent ...Nxh2.} 22. Qe6 {[#]} (22. fxg4 $11 {remains equal.} exf4 23. Qb7) 22... exf4 (22... d3 $1 $17 {[%cal Rd3e2]} 23. fxg4 dxe2 24. Qxe5 exf1=N 25. Rxf1 Qd7) 23. Qxg4 $2 (23. fxg4 $15 Re8 24. Qc4) 23... d3 $19 24. fxe4 Qd4+ 25. Kg2 d2 ({Less strong is} 25... Qxe4+ 26. Qf3 $15) (25... Qxb2 26. gxf4 dxe2 27. Rfe1 $17) 26. Rcd1 fxg3 {Accuracy: White = 32%, Black = 68%.} ({Not} 26... Qxb2 27. Rxf4 Qxa2 28. Qf3 $15) (26... Qxe4+ 27. Qf3 $17) 0-1

[Event "Budapest Spring Festival 2019"]
[Site "Budapest"]
[Date "2019.04.11"]
[Round "3.31"]
[White "Gyurkovics, Bence"]
[Black "Shyam, Sundar M."]
[Result "0-1"]
[WhiteElo "2261"]
[BlackElo "2519"]
[Annotator "ChessBase"]
[PlyCount "92"]
[EventDate "2019.04.09"]
[EventType "swiss"]
[EventCountry "HUN"]
[SourceTitle "playchess.com"]
[Source "ChessBase"]
[SourceQuality "1"]
[TimeControl "40/5400+30:1800+30"]

1. d4 {[%emt 0:00:03]} Nf6 {[%emt 0:01:15]} 2. c4 {[%emt 0:00:05]} g6 {[%emt 0:00:33]} 3. Nf3 {[%emt 0:00:07]} Bg7 {[%emt 0:00:07]} 4. Nc3 {[%emt 0:00:06]} O-O {[%emt 0:00:22]} 5. e4 {[%emt 0:00:04]} d6 {[%emt 0:00:03]} 6. Be2 {[%emt 0:00:04]} e5 {[%emt 0:01:26]} 7. O-O {[%emt 0:00:06]} Nbd7 {[%emt 0:00:52]} 8. Be3 {[%emt 0:08:15]} c6 {[%emt 0:00:08]} 9. d5 {[%emt 0:12:13]} c5 {[%emt 0:00:05]} 10. Ne1 {[%emt 0:02:06]} Ne8 {[%emt 0:00:21]} 11. Nd3 {[%emt 0:08:25]} Nb6 {[%emt 0:00:06]} 12. b3 {[%emt 0:08:25]} f5 {[%emt 0:00:10]} 13. Bd2 {[%emt 0:04:10]} Nf6 {[%emt 0:04:14]} 14. exf5 {[%emt 0:03:24]} gxf5 {[%emt 0:01:12]} 15. Qc1 {[%emt 0:10:51]} h5 {[%emt 0:28:51]} 16. Bg5 {[%emt 0:06:05]} Qe8 {[%emt 0:04:01]} 17. Nb5 {[%emt 0:02:44]} Qd7 {[%emt 0:00:07]} 18. Bh6 {[%emt 0:06:48]} f4 {[%emt 0:15:40]} 19. Bxg7 {[%emt 0:01:31]} Qxg7 {[%emt 0:00:02]} 20. Kh1 {[%emt 0:02:57]} Ne8 {[%emt 0:02:25]} 21. b4 {[%emt 0:06:24]} cxb4 {[%emt 0:04:33]} 22. c5 {[%emt 0:02:27]} dxc5 {[%emt 0:00:02]} 23. Qxc5 {[%emt 0:01:00]} Bd7 {[%emt 0:00:31]} 24. Nd6 {[%emt 0:04:15]} Nxd6 {[%emt 0:09:30]} 25. Qxd6 {[%emt 0:00:05]} Bf5 {[%emt 0:00:11]} 26. Qxb4 {[%emt 0:04:33]} Kh8 {[%emt 0:02:53]} 27. d6 {[%emt 0:01:27]} Rg8 {[%emt 0:02:02]} 28. Rg1 {[%emt 0:00:31]} Rac8 {[%emt 0:00:15]} 29. Qb5 {[%emt 0:01:22]} Nd7 {[%emt 0:03:54]} 30. Nxf4 {[%emt 0:02:17]} a6 {[%emt 0:00:48]} 31. Nxh5 {[%emt 0:02:00]} axb5 {[%emt 0:00:07]} 32. Nxg7 {[%emt 0:00:03]} Kxg7 {[%emt 0:00:10]} 33. Bxb5 {[%emt 0:00:10]} Rc2 {[%emt 0:00:21]} 34. Rgc1 {[%emt 0:01:08]} Rgc8 {[%emt 0:01:38]} 35. Rxc2 {[%emt 0:00:06]} Rxc2 {[%emt 0:00:01]} 36. Kg1 {[%emt 0:00:10]} Rd2 {[%emt 0:01:37]} 37. a4 {[%emt 0:00:40]} Rxd6 {[%emt 0:00:05]} 38. Rc1 {[%emt 0:00:39]} Be4 {[%emt 0:04:09]} 39. Bf1 {[%emt 0:00:36]} b6 {[%emt 0:10:43]} 40. h3 {[%emt 0:00:00]} Bc6 {[%emt 0:00:00]} 41. Rc4 {[%emt 0:06:04]} Nc5 {[%emt 0:11:15]} 42. a5 {[%emt 0:02:27]} Rd1 {[%emt 0:00:44]} 43. Kh2 {[%emt 0:09:36]} Rxf1 {[%emt 0:00:07]} 44. axb6 {[%emt 0:00:08]} Rxf2 {[%emt 0:00:08]} 45. h4 {[%emt 0:04:43]} Rxg2+ {[%emt 0:00:11]} 46. Kh3 {[%emt 0:00:07]} Nd3 {[%emt 0:00:53]} 0-1

[Event "Budapest Spring Festival 2019"]
[Site "Budapest"]
[Date "2019.04.11"]
[Round "3.32"]
[White "Vetoshko, Volodymyr"]
[Black "Abhilash, Reddy M.L."]
[Result "1-0"]
[WhiteElo "2510"]
[BlackElo "2252"]
[Annotator "TA"]
[PlyCount "77"]
[EventDate "2019.04.09"]
[EventType "swiss"]
[EventCountry "HUN"]
[SourceTitle "playchess.com"]
[Source "ChessBase"]
[SourceQuality "1"]

{[%evp 16,77,30,30,29,32,51,42,56,62,62,56,56,45,53,50,80,46,80,83,134,133,133,135,133,135,202,222,210,143,195,204,209,205,208,218,215,216,190,150,235,222,222,234,237,240,229,202,303,293,558,564,550,546,549,544,501,487,603,506,1816,1752,5397,5305]} 1. e4 d6 2. d4 Nf6 3. Nc3 e5 4. Nf3 Nbd7 5. Bc4 Be7 6. O-O O-O 7. Re1 c6 8. a4 a5 9. h3 Nb6 {C41: Philidor Defence} (9... h6 10. Be3 Re8 11. Qe2 exd4 12. Bxd4 Bf8 13. Bb3 Ne5 14. Rad1 Qc7 15. Nd2 Be6 16. f4 Ned7 17. Qf3 Rad8 18. Re2 Bxb3 19. Nxb3 {1-0 (45) Areshchenko,A (2652)-Moranda,W (2599) Germany 2018}) 10. Bd3 Qc7 11. b3 Nfd7 {White is slightly better.} 12. Bf1 $146 ({Predecessor:} 12. Bb2 Bf6 13. Bf1 Rd8 14. Qd2 Nf8 15. d5 cxd5 16. exd5 Bf5 17. Rac1 Nbd7 18. Bd3 Bxd3 19. cxd3 {1-0 (35) Mueller,D (2107)-Meyer,F (2111) Germany 2016}) 12... Re8 13. Ba3 Nf8 14. Qd2 Bd7 15. Rad1 Rad8 16. Ne2 Nc8 17. Ng3 g6 (17... Ng6 $142) 18. dxe5 $16 dxe5 19. Bxe7 Rxe7 20. Qg5 $36 {[%mdl 2048] White is on the roll.} b5 {[#]} (20... Ne6 $16 {was worth a try.} 21. Qxe5 Qxe5 22. Nxe5 Nb6) 21. axb5 $1 $18 cxb5 22. Rd5 Qb6 (22... Re6 $16 {is a better defense.}) 23. Nxe5 {And now Nh5 would win.} f6 24. Nxd7 Rexd7 25. Qg4 Rxd5 26. exd5 Nd6 27. Qf4 Nf7 (27... f5 $16 {was necessary.} 28. Bd3 Nf7) 28. c4 {Black must now prevent c5!} bxc4 29. Bxc4 Qd6 30. Qd4 {Hoping for Ne4.} f5 31. Qa7 Ne5 (31... Qb4 $142 32. Re7 Ra8 33. Qxa8 Qxe7 34. Qxa5 Nd6) 32. Qxa5 {Threatens to win with Rxe5!} Rc8 $2 {[#]} (32... Re8 33. Qc3 Qf6 34. d6+ Kh8) 33. Rxe5 $1 {White is clearly winning.} Rxc4 (33... Qxe5 34. d6+) 34. bxc4 {[%cal Bb3c4,Bc4c5][%mdl 32]} Qxe5 35. Nf1 f4 36. Qb6 Kf7 37. Qb7+ Ke8 (37... Qe7 $142 38. Qb8 f3) 38. c5 Kd8 39. d6 {Accuracy: White = 74%, Black = 31%.} 1-0